000 00462nam a2200181Ia 4500
001 17479
005 20260306171520.0
008 260306s9999||||xx |||||||||||||| ||und||
041 _aESP
082 _a658
_bM66
100 _aMiyashiro Miyashiro, Isabel (comp.)
_eAUT
245 0 _aCasos en administración de organizaciones que operan en el Perú
260 _c1997
300 _a
_c20 cm.
650 _aGEN
654 _aCAN
942 _cLIB
_dJUS
_fJUS
_2ddc
_n
999 _c17479
_d17479